Model hodnotenia kľúčových kompetencií pre vedomostnú spoločnosť u študentov vysokých škôl
Projekt implementácie e-vzdelávania a riziká s tým spojené. Forma zmiešaného elektronického vzdelávania. Základné pojmy. Implementácia zmiešaného e-vzdelávania. Riziká takejto implementácie.
Salvato in:
| Autore principale: | |
|---|---|
| Altri autori: | , |
| Natura: | Capitolo di libro |
| Lingua: | inglese |
| Soggetti: | |
| Tags: |
Nessun Tag, puoi essere il primo ad aggiungerne!!
|
MARC
| LEADER | 00000naa a2200000 4500 | ||
|---|---|---|---|
| 001 | 0142227 | ||
| 005 | 20240605094214.8 | ||
| 041 | 0 | |a eng | |
| 044 | |a PL | ||
| 245 | 1 | 0 | |a Model hodnotenia kľúčových kompetencií pre vedomostnú spoločnosť u študentov vysokých škôl |c Zuzana Hajduová, Denisa Ďuričeková, Marek Andrejkovič |
| 520 | |a Projekt implementácie e-vzdelávania a riziká s tým spojené. Forma zmiešaného elektronického vzdelávania. Základné pojmy. Implementácia zmiešaného e-vzdelávania. Riziká takejto implementácie. | ||
| 610 | 2 | 0 | |a vzdelávanie elektronické |
| 610 | 2 | 0 | |a projekty |
| 610 | 2 | 0 | |a riziko |
| 610 | 2 | 0 | |a univerzity |
| 100 | 1 | |a Hajduová, Zuzana, 1974- | |
| 700 | 1 | |a Ďuričeková, Denisa, 1981- | |
| 700 | 1 | |a Andrejkovič, Marek | |